LDR 01121naa#a2200217#i#450# 001 RU\\bibl\116435 005 20260513164121.3 011 ## _a3034-6703 100 ## _a20260331b2026####ek#y0rusy0150####ca 102 ## _aRU 200 1# _aВлияние бурового раствора на углеводородной основе с баритовым утяжелителем на измерительные преобразователи пластоиспытателя ГДК/ОПК DAFNA _eЖурнальная статья 210 1# _aМосква _cАссоциация геологов, геофизиков и инженеров _d2026 215 ## _a13 с. 608 ## _aЖурнальная статья _2local 700 #1 _aГаллямов _gШамиль Рашитович 700 #1 _aТиторов _gМаксим Юрьевич 700 #1 _aКузнецов _gДмитрий Александрович 700 #1 _aСаяпов _gДмитрий Владимирович 700 #1 _aИсламов _gЛинар Ильшатович 700 #1 _aМитьков _gМихаил Сергеевич 856 4# _aagge-vestnik.ru _u